00429ntaaa2200157 45000030003000000050017000030080021000200400037000410820017000781000031000952450036001262500010001622600066001723000010002386500023002480120251027203001.00714s1973 ag 01  aAR-BaBNbspacAR-BaBNeaacrdRIC a982.6000 M52 aMenéndez, Armando Braun  aPequeña historia patagónica a1 ed. aBuenos Aires : bEditorial Francisco de Aguirre, c1936, 1971 a219 p ahistoria Argentina